zpět

Detail výsledku týmu

Pivovarský Dvůr PO, Liberec

Datum a čas kvízu

29.5 Celkem bodů Celkový počet nahraných bodů na tomto kvízu bez doplňovacích otázek.
8. Pořadí na kvízu Konečné umístění týmu na tomto kvízu.

Zaznamenané odpovědi

# Otázka Odpověď Body Výsledky
1. Česko monitoruje situaci a vyh... Severní Korea 0
2. Nepříjemný závěr své cesty zaž... olympijské hry v Paříži 1
3. Minulý týden jsme se dozvěděli... kameraman 0
4. Úřad pro ochranu hospodářské s... Pernod Ricard 0
5. Ve kterém britském městě se od... v Glasgow 1
6. Napište český i latinský název... kost stehenní, femur (os femoris) 1
7. Ve kterém kraji České republik... v Královéhradeckém 0
8. Hlavní postava seriálu Sběrate... Booth 1
9. Kterému zvířeti patří tato kos... ptakopyskovi 0
10. V září roku 2012 byla pod park... Richard III. 0